|
|
|
|
| LEADER |
00000nam0a2200000 4500 |
| 001 |
141678 |
| 005 |
20231101220927.0 |
| 035 |
|
|
|a (RuTPU)RU\TPU\book\153573
|
| 090 |
|
|
|a 141678
|
| 100 |
|
|
|a 20080825d1989 m y0rusy50 ca
|
| 101 |
0 |
|
|a rus
|
| 102 |
|
|
|a RU
|
| 105 |
|
|
|a a j 001zy
|
| 200 |
1 |
|
|a Неразрушающий контроль качества изделий
|e учебное пособие
|f Ю. И. Славский, Ю. А. Бондарев
|g Волгоградский политехнический институт
|
| 210 |
|
|
|a Волгоград
|c Изд-во волгоградского политехнического института
|d 1989
|
| 215 |
|
|
|a 145 с.
|c ил.
|
| 320 |
|
|
|a Библиогр.: с. 144-145.
|
| 610 |
1 |
|
|a неразрушающие методы
|
| 610 |
1 |
|
|a неразрушающий контроль
|
| 610 |
1 |
|
|a металлы
|
| 610 |
1 |
|
|a технический контроль
|
| 610 |
1 |
|
|a материаловедение
|
| 610 |
1 |
|
|a учебные пособия
|
| 675 |
|
|
|a 669:620.179
|v 3
|
| 700 |
|
1 |
|a Славский
|b Ю. И.
|g Юрий Ильич
|
| 701 |
|
1 |
|a Бондарев
|b Ю. А.
|g Юрий Александрович
|
| 712 |
0 |
2 |
|a Волгоградский политехнический институт
|2 stltpush
|3 (RuTPU)RU\TPU\col\4581
|9 23999
|
| 801 |
|
1 |
|a RU
|b 63413507
|c 20080825
|g PSBO
|
| 801 |
|
2 |
|a RU
|b 63413507
|c 20090204
|g PSBO
|
| 942 |
|
|
|c BK
|